[Goober Dash] Certified Levels - Sudden Death - Statistics

General Stats
  • This quiz has been taken 48 times
  • The average score is 7 of 18
Answers on the Grid
Answers color-coded by a green-red scale on the quiz's grid according to % correct below.
LaserPath_1
Goober Rush
Theory of Everything
Technology
Music World
Pushback Odyssey
Under the Roof
Weather Falcon
Plate Spinning!
Snailed It!
Crate Factory
Lord Goober is Good
Fragmanta Caeli
Bloodbath
Dash!
Tropical Paradise
Wonderful World
Thanos' Bouncy Castle
Invading the Factory
DIV
Fractal Factory
Sequoia Sunrise
Construction Chaos
SOMUCHDANGER
TIdal Wave
Gilgejigaw Kungkuan
Robots of Explosions
Castle Race
Don't stop Jumping
Tease-2
 
Answer Stats
Answer % Correct
LaserPath_1
78%
Theory of Everything
72%
Snailed It!
61%
Pushback Odyssey
56%
Plate Spinning!
50%
Fragmanta Caeli
44%
Weather Falcon
44%
Don't stop Jumping
39%
Fractal Factory
33%
Sequoia Sunrise
33%
Wonderful World
33%
Castle Race
28%
Tease-2
28%
TIdal Wave
28%
Construction Chaos
22%
DIV
22%
Gilgejigaw Kungkuan
17%
Invading the Factory
17%
No matching quizzes found
Score Distribution
Percent of People with Each Score
Percentile by Number Answered
Your Score History
You have not taken this quiz